header

People with hyperactivity (Record no. 61161)

MARC details
000 -LEADER
fixed length control field 02353nam a2200373 a 4500
082 04 - DEWEY DECIMAL CLASSIFICATION NUMBER
Classification number 618.92/8589
245 00 - TITLE STATEMENT
Title People with hyperactivity
260 ## - PUBLICATION, DISTRIBUTION, ETC. (IMPRINT)
Place of publication London :
Name of publisher Mac Keith Press,
Year of publication 2007.
300 ## - PHYSICAL DESCRIPTION
Number of Pages xii, 262 p.
505 0# - FORMATTED CONTENTS NOTE
Formatted contents note Clinical and epidemiological foundations / Eric Taylor -- Biological foundations / Sarah Curran -- Diagnosis and assessment / Kapil Sayal -- Psychological assessment / Jody Warner-Rogers -- Medical investigations and tests / Angie Stevens and Gillian Baird -- Making a case formulation : differential diagnosis and recognizing comorbidity / Wai Chen -- Education and advice / Maxine Sinclair -- Pharmacotherapy in ADHD / Paramala J. Santosh -- Behavioural and cognitive approaches / Maxine Sinclair -- ADHD and sleep disorders / Paul Gringras, Adam Jaffe and Stephen Sheldon -- Aspects of medical management / Eric Taylor and Peter Hill -- ADHD in preschool children / Margaret Thompson and Edmund Sonuga-Barke -- Hyperactivity disorders in children with mental retardation / Emily Simonoff -- The clinical assessment and treatment of ADHD in adults / Phillip J. Asherson and J.J. Sandra Kooij.
650 #0 - SUBJECT ADDED ENTRY--TOPICAL TERM
Topical Term Attention-deficit hyperactivity disorder
Topical Term Attention-deficit hyperactivity disorder
Topical Term Hyperactive children.
Topical Term Attention-deficit disorder in adults.
700 1# - ADDED ENTRY--PERSONAL NAME
Personal name Taylor, Eric A.
856 40 - ELECTRONIC LOCATION AND ACCESS
Uniform Resource Identifier http://site.ebrary.com/lib/rucke/Doc?id=10307186

No items available.

© 2026 Rongo University
Contact us: librarian | system librarian | Rongo university